000 00640nam a2200205Ia 4500
001 1674
003 GE_BSU
008 181216s||||||||xx |||||||||||||| ||und||
020 _a9789941412585
040 _cGE_BSU
080 _a821.353.1.31
245 _aტრაპიზონის იმპერიისქართული დიადემა
245 _cრედ. იური ბიბილეიშვილი
260 _aბათუმი
260 _bშოთა რუსთაველის სახ.უნ–ტი
260 _c2011
300 _a158 გვ.16 სმ.
541 _h6 ლ.
942 _cBK
999 _c35790
_d35790